| 000 | 00546cam a2200169 a 4500 | ||
|---|---|---|---|
| 005 | 20250901165444.0 | ||
| 008 | 950510s1995 nyua b 001 0 eng | ||
| 010 | _a 95019946 | ||
| 020 |
_a0679436235 : _c$22.00 |
||
| 050 | 0 | 0 |
_aHC106.7 .M27 1995 _b.M27 1995 |
| 082 | 0 | 0 |
_a330.973/092 _220 |
| 100 | 1 | _aMadrick, Jeffrey G. | |
| 245 | 1 | 4 |
_aThe end of affluence : _bthe causes and consequences of America's economic dilemma / _cJeffrey Madrick. |
| 260 |
_aNew York : _bRandom House, _cc1995. |
||
| 300 |
_ax, 223 p. : _bill. ; _c22 cm. |
||
| 942 | _2ddc | ||
| 999 |
_c4254 _d4254 |
||